| 000 | 01531nam a2200397 i 4500 | ||
|---|---|---|---|
| 003 | DO-SdBNP | ||
| 005 | 20250522095639.0 | ||
| 006 | a||||gr|||| 00| 0 | ||
| 007 | ta | ||
| 008 | 231010e2018 mx ad||| |||| 00| 0 spa d | ||
| 020 | _a9788491053699 | ||
| 040 |
_aDO-SdBNP _bspa _cBNPHU _erda |
||
| 041 | _aspa | ||
| 082 | 4 |
_aM861.1 _bJ91e _222 |
|
| 100 | 1 |
_aDe la Cruz, Juana Inés, Sor _974604 _eautor _4aut. |
|
| 245 | 1 | 0 |
_aEcos de mi pluma : _bantología en prosa y verso / _cSor Juana Inés de la Cruz ; edición, prólogo, notas y cronología de Martha Lilia Tenorio Trillo ; índices, Lázaro Tello Pedro y José de Jesús Palacios Serrato. |
| 250 | _aPrimera edición | ||
| 264 | 4 |
_aBarcelona: _bPenguin Randon Hause, _c©2017. |
|
| 300 |
_a406 páginas ; _c20 cm. |
||
| 336 |
_atexo _btxt _2rdacontent |
||
| 337 |
_asin mediación _bn _2rdamedia |
||
| 338 |
_avolumen _bnc _2rdacarrier |
||
| 490 | 0 | _aPenguin clásicos | |
| 500 | _aIncluye índice | ||
| 500 | _aIncluye notas al pie de las páginas | ||
| 504 | _aBibliografía : páginas 383-388 | ||
| 590 | _aInventariado 2023 / DG | ||
| 650 | 7 |
_aPoesía mexicana _99120 |
|
| 650 | 7 |
_aLiteratura mexicana _91922 _xHistoria y crítica _ySiglo XVII. |
|
| 653 | _aSor Juana Inés de la Cruz -- Obras. | ||
| 700 | 1 |
_aTenorio Trillo, Martha Lilia _etraductor _4tr. _984445 |
|
| 700 | 1 |
_aTello Pedro, Lázaro, _eeditor _987348 _4ed. |
|
| 700 | 1 |
_aPalacios Serrato, Jesús, _e editor _4ed. _987349 |
|
| 910 | _aDG/Validado. Control de calidad MFF | ||
| 942 |
_2ddc _cLBS1 |
||
| 999 |
_c55172 _d55172 |
||